=LDR 00000nam 2200000 4500 =001 INLIS000000000000750 =005 20130612085201 =008 ***********************************Ind** =035 ##$$0010-061300000000750 =041 ##$$a Ind =082 ##$$a 92(Rais) =090 ##$$a 92(Rais), Ali-r =100 ##$$a Alimi, Taufiq =245 ##$$a Refleksi Amien Rais, dari persoalan semut sampai gajah, Taufiq Alimi =260 ##$$a 1997 $b Jakarta =300 ##$$a 166 hlm, 21 cm =650 ##$$a Politik =850 ##$$a NBPNMAT